Primeras consecuencias de la guerra

Guardat en:
Dades bibliogràfiques
Autor principal: Le Bon, Gustave (Autor)
Format: Llibre
Idioma:espanyol
Publicat: Madrid, España José Ruiz 1917
Col·lecció:Biblioteca de Filosofía Científica
Matèries:
Etiquetes: Afegir etiqueta
Sense etiquetes, Sigues el primer a etiquetar aquest registre!

MARC

LEADER 00000nam a2200000 a 4500
001 UCO0370
003 CL-VaPUC
005 20210728001626.0
008 000420e19170000SP |||||||||||||||||spa|d
999 |c 287081  |d 287079 
040 |c Pontificia Universidad Católica de Valparaíso 
082 0 4 |a 940.51 LEB 1917  |2 21 
100 |a Le Bon, Gustave  |e author  |9 445285 
245 1 0 |a Primeras consecuencias de la guerra 
260 |a Madrid, España  |b José Ruiz  |c 1917 
300 |a 375 páginas 
490 0 |a Biblioteca de Filosofía Científica 
583 |a last modification  |c 20000420 00:00:00  |k Rodrigo Vera 
650 0 |a Historia de Europa  |9 392003 
650 0 |a Historia contemporánea  |9 343224 
650 0 |a Primera Guerra Mundial   |x CONSECUENCIAS  |9 373283 
650 0 |a Relaciones Internacionales  |x POSGUERRA  |9 255740 
650 0 |a Derecho internacional  |9 255637 
942 |c BK  |2 ddc 
945 |d 20000420 00:00:00  |a rherrera 
952 |0 0  |1 0  |2 ddc  |4 0  |6 940_510000000000000_LEB_1917  |7 0  |8 X  |9 333490  |a BIBHIS  |b BIBHIS  |d 2019-11-20  |i 1265318  |o 940.51 LEB 1917  |p 1265318  |r 2019-11-20  |t 1  |w 2019-11-20  |y BK_X  |k HIS